[Event "27th CRO-chT 1B-Men 2018"]
[Site "Biograd"]
[Date "2018.09.17"]
[Round "1"]
[White "Saric, Ibro"]
[Black "Sinanovic, Muhamed"]
[Result "1-0"]
[WhiteElo "2546"]
[BlackElo "2339"]
[Annotator "TA"]
[PlyCount "81"]
[EventDate "2018.09.15"]
[EventType "team-tourn"]
[EventCountry "CRO"]
[SourceTitle "playchess.com"]
[Source "ChessBase"]
[SourceQuality "1"]

{[%evp 19,81,6,0,0,8,20,14,9,0,0,16,12,26,33,41,31,25,35,38,26,62,55,53,28,52,47,95,79,114,121,113,117,278,266,269,245,238,114,202,186,187,96,247,250,886,879,965,966,934,907,926,458,413,420,430,376,29986,670,1009,1015,955,964,879,879]} 1. d4 Nf6 2. c4 e6 3. Nc3 Bb4 4. Nf3 c5 5. g3 Ne4 6. Qd3 cxd4 7. Nxd4 Bxc3+ 8. bxc3 Nc5 9. Qe3 b6 {E20: Nimzo-Indian: 4 g3 and 4 f3} 10. Bg2 Bb7 {LiveBook: 51 Games} 11. O-O (11. Bxb7 Nxb7 12. Ba3 Nc6 13. Nb5 Nca5 14. Bb4 a6 15. Qd4 f6 16. Bxa5 bxa5 17. Nd6+ Nxd6 18. Qxd6 {½-½ (26) Fridman,D (2667)-Meier,G (2640) Baden-Baden 2013 CBM 153 [CB]}) 11... Bxg2 {The position is equal.} 12. Kxg2 O-O 13. Qf3 $146 ({Predecessor:} 13. Rd1 Qc8 14. Nb5 Nb7 15. Ba3 Rd8 16. Rd4 f5 17. Rad1 {½-½ (24) Maes,T (2179)-Hammer,J (2287) Oslo 2006}) 13... Nba6 14. Rd1 Qc8 15. Ba3 Rb8 16. Nb5 Qb7 17. e4 f6 18. Rd4 Rfd8 19. Rad1 Nc7 20. Nd6 $36 {[%mdl 2048] White is more active.} Qc6 21. Qh5 Rf8 22. Kg1 g6 23. Qg4 e5 24. R4d2 N7e6 25. h4 a6 $2 (25... Kh8 $16) 26. Bxc5 $18 Nxc5 27. h5 g5 28. h6 (28. Rd5 $18 {and the rest is easy.}) 28... Ne6 (28... Qc7 $16) 29. Nf5 Rf7 {[#]} 30. Ne3 ({White should try} 30. Rd6 $1 $18 {[%cal Rd6c6]} Qc7 31. Qe2) 30... Rbf8 $2 (30... Nc5 $16 {was necessary.}) 31. Rd6 Qa4 $2 (31... Qc7 32. Nd5 Qc5) 32. R1d2 Nc5 33. Qf5 ({Not} 33. Rxb6 Qa3 $18) 33... Kh8 34. Rxb6 Ne6 35. Rdb2 (35. Rbd6 $142 {Threatens to win with Rxd7!} Nc5 36. Rb2) 35... Qa3 36. Nd5 Qc5 37. Rb8 Qxc4 $2 (37... Qd6 $18) 38. Nxf6 (38. Rxf8+ $142 Nxf8 39. Rb6 Kg8 40. Nxf6+ Rxf6 41. Qxf6 Qf7 42. Qxg5+ Qg6 43. Rxg6+ hxg6 44. Qe7 Ne6 45. h7+ Kh8 46. Qf7 Ng7 47. Qg8#) 38... Qc7 {White is clearly winning.} 39. Rxf8+ Nxf8 40. Qxg5 {[%csl Gf6][%cal Rg5g8] [#]} Ng6 41. Nd5 {Precision: White = 50%, Black = 27%.} 1-0

[Event "27th CRO-chT 1B-Men 2018"]
[Site "Biograd"]
[Date "2018.09.17"]
[Round "1"]
[White "Pap, Misa"]
[Black "Srbis, Jurica"]
[Result "1-0"]
[WhiteElo "2482"]
[BlackElo "2428"]
[Annotator "TA"]
[PlyCount "91"]
[EventDate "2018.09.15"]
[EventType "team-tourn"]
[EventCountry "CRO"]
[SourceTitle "playchess.com"]
[Source "ChessBase"]
[SourceQuality "1"]

{[%evp 18,91,70,60,83,35,42,48,59,67,44,41,48,60,51,50,56,36,18,37,75,77,109,117,139,119,110,114,102,102,116,119,108,117,170,185,261,145,142,102,102,102,110,105,93,97,147,146,162,171,161,166,254,106,80,46,50,33,81,0,154,186,187,27,229,0,0,0,2,8,682,651,1132,1064,29991,29992]} 1. e4 e5 2. Nf3 Nc6 3. Bb5 a6 4. Ba4 d6 5. O-O Bd7 6. d4 b5 7. Bb3 Nxd4 8. Nxd4 exd4 9. c3 d3 {C72: Ruy Lopez: Deferred Steinitz: 5 0-0} (9... dxc3 10. Qh5 g6 11. Qd5 Be6 12. Qc6+ Bd7 13. Qxc3 Nf6 14. e5 dxe5 15. Qxe5+ Qe7 16. Qxc7 Bg7 17. Nc3 b4 18. Bg5 {½-½ (48) Kokarev,D (2616)-Vavulin,M (2575) Moscow 2018}) 10. Qh5 {[%csl Gb3][%cal Rh5f7][%mdl 1024] LiveBook: 4 Games. White has compensation.} Qe7 11. Bg5 Nf6 {White is slightly better.} 12. Qh4 $146 ({Predecessor:} 12. Qf3 Qe5 13. Bf4 Qh5 14. Qxd3 Be7 15. Nd2 O-O 16. Bd1 Qg6 17. Re1 Rfe8 18. Nf3 Nh5 19. Be3 Bf6 20. Bc2 Bh3 21. g3 Bg4 22. Nd2 {1-0 (22) Teemae,L-Andersson,N ICCF corr 1986}) 12... Qe5 13. Nd2 {[%cal Bb1d2,Bd2f3,Bf3g5][%mdl 32]} Be7 14. Rae1 {Threatens to win with Nf3.} Ng4 15. Nf3 Bxg5 16. Nxg5 Nh6 17. f4 Qc5+ 18. Kh1 $1 O-O-O 19. Bxf7 d2 20. Rd1 Kb8 21. Ne6 (21. Rxd2 $2 Nxf7 22. e5 dxe5 $19) 21... Bxe6 22. Bxe6 Rde8 23. Qh3 Rhf8 24. b4 Qb6 25. Rxd2 Rf6 (25... Ng8 $16 26. Re2 Nf6) 26. Bd5 $18 Re7 (26... c6 $142) 27. Qd3 ({White should play} 27. g4 $18) 27... Ng4 $16 28. Rf3 Rf8 29. Re2 Rfe8 30. h3 Nf6 {...c6 would now be nice for Black.} 31. Rfe3 c6 32. Bb3 d5 {[%cal Rf6e4]} 33. e5 Ne4 34. Qd4 $1 {[%cal Rd4b6]} Qc7 {[#]} (34... Qxd4 $142 35. cxd4 Rf8) 35. Bc2 (35. h4 $1 $18 {is the precise move to win.}) 35... g5 36. g3 gxf4 $1 37. gxf4 Rf8 38. Rf3 (38. Rxe4 $16 {Strongly threatening R4e3.} dxe4 39. Rxe4 (39. Qxe4 Ref7 $11)) 38... Ng5 $2 ({Better is} 38... Rxf4 $11 39. Bxe4 (39. Rxf4 $2 Ng3+ 40. Kg2 Nxe2 $19) 39... Rxe4 40. Rxe4 dxe4) 39. Rf1 $36 {[%mdl 2048] White has strong initiative.} Nxh3 40. Kg2 $2 (40. f5 $18 Ng5 41. Bd3) 40... c5 $2 {[#]} (40... Rg8+ $1 $11 41. Kh2 (41. Kxh3 Re6 42. Qf2 Rh6+ 43. Qh4 Rxh4+ 44. Kxh4 Qg7 45. Bg6 Qxg6 46. Kh3 Qh6#) 41... Reg7) 41. bxc5 $2 ({Only move:} 41. Qe3 $1 $18 Rxf4 42. Rxf4 Nxf4+ 43. Qxf4) 41... Rg7+ $1 $11 42. Kh2 {Black must now prevent f5.} ({Avoid the trap} 42. Kxh3 $2 Qf7 $19) 42... Qd8 $1 {[%cal Rd8h4] ( -> ...Qh4)} 43. Re3 ({But not} 43. Kxh3 $2 Qe8 $19) 43... Rxf4 $2 {[%mdl 8192]} (43... Ng5 $11 44. c4 (44. e6 Nxe6 45. Qe5+ Qc7 $11) 44... Qe8) 44. Rxf4 $18 Qg5 {[%csl Gg7][%cal Rg5g2] [#]} 45. Rg4 $3 {[%mdl 512]} Qh6 (45... Qxg4 46. Qxg4) 46. Rxh3 {Precision: White = 50%, Black = 50%.} 1-0

[Event "27th CRO-chT 1B-Men 2018"]
[Site "Biograd"]
[Date "2018.09.17"]
[Round "1"]
[White "Ostovic, Matija"]
[Black "Nikcevic, Nebojsa"]
[Result "0-1"]
[WhiteElo "2390"]
[BlackElo "2428"]
[Annotator "TA"]
[PlyCount "41"]
[EventDate "2018.09.15"]
[EventType "team-tourn"]
[EventCountry "CRO"]
[SourceTitle "playchess.com"]
[Source "ChessBase"]
[SourceQuality "1"]

{[%evp 13,41,-19,-6,7,-5,4,12,29,15,-22,0,-9,0,-616,-610,-655,-651,-623,-472,-1406,-37,-30,7,-17,358,0,2059,-6,1459,1455]} 1. Nf3 d5 2. c4 d4 3. b4 f6 4. e3 e5 5. c5 a5 6. Qa4+ {A09: Réti Opening: 1 Nf3 d5 2 c4} Bd7 7. b5 dxe3 {LiveBook: 3 Games} (7... Bxc5 8. Bc4 Ne7 9. exd4 exd4 10. Ba3 Bxa3 11. Nxa3 Bg4 12. Nxd4 Nd7 {½-½ (38) Caruana,F (2823)-Topalov,V (2760) Saint Louis 2016}) 8. dxe3 $146 {Black must now prevent Ba3.The position is equal.} ({Predecessor:} 8. fxe3 Bxc5 9. Bc4 Bd6 10. Nc3 Ne7 11. O-O Nc8 12. Qc2 Nb6 {½-½ (35) Agrest,E (2590)-Tikkanen,H (2551) Sweden 2015}) 8... Bxc5 9. Bc4 Bb4+ 10. Bd2 Qe7 11. Nc3 c6 {[%cal Bc7c6,Bc6b5][%mdl 32]} 12. Ne4 cxb5 13. Bf7+ $2 {[%mdl 8192] [#]} (13. Bxb5 $11 Nh6 14. O-O) 13... Kxf7 $19 14. Qb3+ Be6 15. Qb2 Kf8 16. Qxb4 (16. a3 $142 Bxd2+ 17. Nfxd2) 16... Na6 $2 {[#]} (16... axb4 $19 17. O-O Nc6) 17. Qxb5 $15 Rd8 18. Qb6 Nc7 $2 {[%mdl 8192]} (18... a4 $11 {and Black stays safe.}) 19. h3 $2 ({Less strong is} 19. Qxa5 Ra8 $14) (19. Bxa5 $18 Ke8 20. Qxc7 Qxc7 21. Bxc7) 19... Qc5 $2 {[%mdl 8192]} (19... Nd5 $11 20. Qxa5 Bf5) 20. Qb1 $2 ({White should try} 20. Nxc5 $18 Rc8 21. Nxe6+ Nxe6 22. Qxe6) 20... Qc1+ $2 {[%mdl 8192]} (20... Qa7 $11) 21. Qxc1 {[%mdl 32768] Precision: White =  9%, Black =  8%. . Loss on Time!?} 0-1

[Event "27th CRO-chT 1B-Men 2018"]
[Site "Biograd"]
[Date "2018.09.17"]
[Round "1"]
[White "Bilobrk, Franjo"]
[Black "Galyas, Miklos"]
[Result "0-1"]
[WhiteElo "2360"]
[BlackElo "2512"]
[Annotator "TA"]
[PlyCount "96"]
[EventDate "2018.09.15"]
[EventType "team-tourn"]
[EventCountry "CRO"]
[SourceTitle "playchess.com"]
[Source "ChessBase"]
[SourceQuality "1"]

{[%evp 23,96,0,-9,-18,-12,-13,14,0,0,2,13,14,26,17,121,75,135,135,127,141,158,-65,-11,0,0,-14,0,-24,-23,-32,-25,-42,-35,-59,-51,-55,-55,-55,-55,-57,-55,-54,-54,-50,-56,-145,-50,-76,-52,-39,-47,-54,-8,-41,0,0,0,-42,-39,-54,-23,-24,-33,-152,-145,-176,-173,-685,-645,-12776,-4914,-29982,-29983,-29983,-29983]} 1. d4 f5 2. g3 Nf6 3. Bg2 g6 4. c4 Bg7 5. Nc3 O-O 6. Nf3 d6 7. O-O c6 8. d5 e5 9. dxe6 Bxe6 10. b3 Na6 11. Bb2 Qe7 12. Nd4 {A88: Dutch Defence: Leningrad System: 5 Nf3 0-0 6 0-0 d6 7 Nc3 c6} (12. Ng5 Bd7 13. Qd2 h6 14. Nh3 Be6 15. Rad1 Rad8 16. Ba3 Nc5 17. f4 Qc7 18. Nf2 Rfe8 19. Kh1 Qb6 20. Qc2 d5 21. cxd5 cxd5 22. Nxd5 Nxd5 23. Bxc5 {0-1 (33) Gelfand,B (2751)-Kamsky,G (2762) Tashkent 2012 CBM 152 [Ftacnik,L]}) 12... Bf7 {LiveBook: 18 Games} 13. Qd2 Nc5 14. Rad1 {The position is equal.} Rad8 15. Bxc6 $146 ({Predecessor:} 15. e3 Rfe8 16. Qc2 a5 17. Rfe1 Qc7 18. h3 Qb6 19. Rb1 d5 20. cxd5 Nxd5 21. Nxd5 Bxd5 {0-1 (32) Czerwonski,A (2380)-Shimanov,A (2644) Warsaw 2014}) 15... bxc6 16. Nxc6 Qb7 17. Nxd8 Rxd8 18. Nb5 Nce4 (18... Qb6 $11) 19. Qa5 $16 Rd7 ({Black should try} 19... Qe7) 20. f3 a6 21. fxe4 axb5 22. Qxb5 $2 (22. exf5 $16 Ng4 23. fxg6 hxg6 24. Bxg7) 22... Nxe4 (22... Qxe4 $15 23. Bxf6 Rb7) 23. Bxg7 $11 Kxg7 24. Qxb7 Rxb7 25. Rd3 Kf6 26. Rc1 Ke5 {[%mdl 1024] Black has compensation.} 27. Rc2 Be6 28. a3 Nc5 29. Re3+ Kd4 30. Rcc3 g5 {[%cal Bg6g5,Bg5f4][%mdl 32]} 31. b4 f4 32. gxf4 gxf4 33. Rf3 Ne4 34. Rfd3+ $1 Ke5 35. Rc1 Rc7 36. c5 $1 dxc5 37. bxc5 Bd5 38. Kf1 (38. c6 $5) 38... Rc6 39. Rh3 h6 40. Ke1 Rg6 {[%cal Rg6g1]} ({Of course not} 40... Nxc5 $6 41. Rh5+ Ke4 42. h4 $16) 41. Rh5+ Kd4 {[%cal Rg6g1]} (41... Ke6 $5 42. Kf1 $8 f3 $1 {[%mdl 512]} 43. exf3 Bc4+ 44. Rxc4 Nd2+ 45. Ke2 Nxc4 $15) 42. Rd1+ Kc3 {[%cal Rg6g1]} 43. Kf1 {[#]} ({White must play} 43. Rd3+ $15 Kc2 44. Rf3) 43... Bc6 $1 $17 44. Rh3+ {[#]} Kc2 $1 {[%cal Rc2d1]} 45. Rhd3 $2 (45. Rd4) 45... Bb5 46. Rd6 {and the idea a4 leaves White hopeful.} f3 47. Rc1+ Kxc1 48. Rxg6 Kd2 {Precision: White = 43%, Black = 65%.} 0-1

[Event "27th CRO-chT 1B-Men 2018"]
[Site "Biograd"]
[Date "2018.09.17"]
[Round "1"]
[White "Antunac, Goran"]
[Black "Kadric, Denis"]
[Result "0-1"]
[WhiteElo "2359"]
[BlackElo "2543"]
[Annotator "TA"]
[PlyCount "128"]
[EventDate "2018.09.15"]
[EventType "team-tourn"]
[EventCountry "CRO"]
[SourceTitle "playchess.com"]
[Source "ChessBase"]
[SourceQuality "1"]

{[%evp 10,128,48,11,28,28,20,9,16,16,37,30,77,66,73,71,71,28,51,34,31,26,41,22,23,26,53,50,56,0,0,0,100,0,59,56,43,0,30,-81,35,31,39,0,43,47,46,0,0,0,0,0,0,0,16,0,0,0,0,0,0,0,0,0,0,0,0,0,0,-31,-16,-58,-58,-58,-58,-96,-97,-172,-58,-58,-48,-68,-38,-58,-34,-48,-34,-34,-34,-55,-48,-35,-73,-103,-26,-12,-17,-48,-56,-125,-143,-104,-50,-274,-313,-412,-389,-437,-382,-1055,-1047,-1064,-1018,-12835,-12836,-12836,-12836,-12838,-12836,-12836,-12835]} 1. d4 d6 2. Nf3 g6 3. c4 Bg7 4. Nc3 Nd7 5. Bg5 f6 6. Bh4 {LiveBook: 4 Games. A41: 1 d4 d6: Tartakower System and Modern Defence} Nh6 7. e4 O-O 8. Be2 {The position is equal.} e5 9. d5 (9. O-O c6 10. d5 c5 11. Nd2 Nf7 12. a3 h5 13. h3 Bh6 14. b4 Kg7 {½-½ (47) Brown,M (2438)-Kadric,D (2583) Dallas 2016}) 9... Nf7 10. Nd2 {[%cal Bf3d2,Bd2b3,Bb3c1,Bc1d3][%mdl 32]} c5 $146 ({Predecessor:} 10... Bh6 11. O-O a5 12. Qc2 Qe7 13. b3 Nc5 14. Kh1 Bd7 {½-½ (52) Gentes,K (2235)-Piasetski,L (2400) Canada 1989}) 11. O-O h5 12. f3 Bh6 13. Bf2 f5 14. a3 Qg5 15. Nb3 f4 16. Nc1 Qe7 17. b4 b6 18. Nd3 g5 19. Qa4 (19. a4 $14) 19... Nf6 $11 20. bxc5 dxc5 (20... bxc5 $11 21. Rab1 g4) 21. Rfd1 (21. Qb3 $16) 21... Bd7 (21... g4 $11) 22. Qc2 g4 23. Kh1 Nd6 24. Nb5 (24. a4 $11) 24... Bxb5 ({Better is} 24... Ndxe4 $17 25. fxe4 Nxe4) 25. cxb5 $14 Qg7 26. Nb2 Kh8 27. Nc4 Nfe8 28. h3 {[%cal Rf3g4]} Nxc4 29. Qxc4 {[%cal Rf3g4]} Nd6 30. Qc2 {[%cal Rf3g4]} gxh3 31. gxh3 Nf7 (31... Qd7 {is more complex.} 32. Kh2 Rg8 33. Rg1 Bg5 34. a4 Qe7) 32. Bf1 Rg8 33. h4 Nd6 34. a4 Qf6 35. Bh3 Rg3 36. Bxg3 fxg3 37. Kg2 Qxh4 38. Rh1 Qf4 39. Be6 Rf8 {[%mdl 1024] Black has compensation.} 40. Raf1 h4 41. Qd3 Bg5 42. Bg4 Kg7 43. Rb1 {[#]} (43. Rd1 $17) 43... Rf7 (43... Nc4 $1 $19 {[%mdl 512]} 44. Rbe1 (44. Qxc4 {gets mated.} h3+ 45. Rxh3 Qd2+ 46. Qe2 Qxe2+ 47. Kxg3 Bf4+ 48. Kh4 Qf2+ 49. Rg3 Rh8+ 50. Bh5+ Qxg3#) 44... Nd6) 44. Rb2 $15 c4 45. Qc3 Rc7 (45... Nxe4 $5 46. Qxc4 Nf2 47. Qxf4 Rxf4 $15) 46. Re1 Rc5 47. Rc2 Kh6 48. Ree2 Be7 49. Qe3 {[#] Qxf4+ is the strong threat.} Kg5 50. Qxf4+ Kxf4 51. Rc3 Nb7 (51... a6 $17 52. bxa6 Ra5) 52. Rec2 $11 Na5 53. Bh3 Rc7 {Strongly threatening ...Bb4.} 54. Rc1 (54. Rb2 $1 $15) 54... Bb4 $17 55. R3c2 Bd6 (55... Ba3 $17 56. Ra1 Bd6) 56. Rh1 $2 (56. Rc3 $1 $15) 56... Nb3 $19 57. Be6 Kg5 58. Rc3 Nd4 59. Re1 $2 (59. Rd1) 59... Bb4 {Black is clearly winning.} 60. d6 Bxd6 61. Rxc4 Nxe6 62. Rxc7 Nf4+ 63. Kh1 Bxc7 64. Rd1 h3 {Precision: White = 29%, Black = 61%.} 0-1

[Event "27th CRO-chT 1B-Men 2018"]
[Site "Biograd"]
[Date "2018.09.17"]
[Round "1"]
[White "Maier, Christian"]
[Black "Mufic, Goran"]
[Result "0-1"]
[WhiteElo "2357"]
[BlackElo "2254"]
[Annotator "TA"]
[PlyCount "58"]
[EventDate "2018.09.15"]
[EventType "team-tourn"]
[EventCountry "CRO"]
[SourceTitle "playchess.com"]
[Source "ChessBase"]
[SourceQuality "1"]

{[%evp 18,58,0,-6,0,0,0,-16,-20,-16,-14,-26,-28,-27,-23,-74,-43,-169,-162,-263,-252,-303,-310,-287,-290,-462,-462,-414,-253,-251,-243,-250,-249,-251,-246,-250,-249,-274,-268,-363,-348,-412,-277]} 1. e4 c5 2. Nf3 g6 3. d3 Bg7 4. g3 Nc6 5. Bg2 e6 6. O-O Nge7 7. Re1 O-O 8. c3 d5 9. Nbd2 b6 10. exd5 Nxd5 {A08: King's Indian Attack} 11. Nc4 Bb7 12. Qb3 Qc7 {The position is equal.} 13. a4 a6 14. Ng5 h6 15. Ne4 Rab8 $146 ({Predecessor:} 15... Rad8 16. a5 b5 17. Ne3 c4 18. dxc4 Nxe3 19. Bxe3 Nxa5 {0-1 (43) Meier,V (2272)-Zelic,Z (2404) Zagreb 2012}) 16. Qa3 (16. Qc2 $11) 16... Rfd8 17. Ne3 (17. Qb3 $15) 17... Nxe3 $19 18. Rxe3 (18. Bxe3 {keeps fighting.} Rxd3 19. Bf4) 18... Ne5 19. a5 Nxd3 20. axb6 Qxb6 21. Rxd3 (21. Bf1 {was called for.} c4 22. Bxd3 cxd3 23. Bd2) 21... Rxd3 22. Be3 Bxe4 23. Bxe4 {[#]} Rxe3 $1 24. fxe3 c4 25. Re1 Qxb2 26. Qxb2 Rxb2 27. Ra1 Bxc3 28. Rxa6 Bd2 29. Kf2 Bc1+ {Precision: White = 31%, Black = 65%.} 0-1

[Event "27th CRO-chT 1B-Men 2018"]
[Site "Biograd"]
[Date "2018.09.17"]
[Round "1"]
[White "Mathe, Gaspar"]
[Black "Vlaic, Branko"]
[Result "1-0"]
[WhiteElo "2308"]
[BlackElo "2246"]
[Annotator "TA"]
[PlyCount "132"]
[EventDate "2018.09.15"]
[EventType "team-tourn"]
[EventCountry "CRO"]
[SourceTitle "playchess.com"]
[Source "ChessBase"]
[SourceQuality "1"]

{[%evp 11,132,14,16,2,9,17,39,27,38,28,34,9,16,-57,10,-20,-2,-43,25,25,18,24,39,12,10,6,15,-17,0,0,12,14,21,18,55,47,133,125,385,409,485,485,464,205,206,89,89,89,160,66,146,122,117,53,72,39,50,0,0,0,0,0,0,0,16,0,0,0,0,0,0,0,0,0,8,0,0,0,0,-8,0,0,18,34,20,0,0,0,8,0,35,0,0,0,7,0,8,8,8,8,887,800,833,805,1068,1021,983,898,843,769,4570,3133,4622,4602,29985,29986,29986,29987,29987,29988,29988,29989,29989]} 1. e4 c6 {[%cal Bc7c6,Bc6c5][%mdl 32]} 2. d4 d5 3. e5 c5 4. c3 Nc6 5. Ne2 Bg4 6. Be3 {B12: Caro-Kann (Vorstoß-Variante)} (6. h3 Bxe2 7. Bxe2 e6 8. O-O Qb6 9. dxc5 Bxc5 10. b4 Be7 11. Be3 Qc7 12. f4 Nh6 13. Na3 {½-½ (44) Vachier Lagrave,M (2795)-Anand,V (2786) Stavanger 2017}) 6... e6 {LiveBook: 3 Partien} 7. f3 cxd4 8. cxd4 {Die Stellung ist ausgeglichen.} Bb4+ 9. Nbc3 {[%cal Bb1c3,Bc3e2,Be2f4][%mdl 32]} Bf5 10. a3 $146 ({Vorgänger:} 10. g4 Bg6 11. a3 Bxc3+ 12. Nxc3 Nge7 13. Rc1 {1-0 (30) Albers,D (2091)-Bramkamp,R (2115) Dortmund 2011}) 10... Ba5 11. Ng3 Bg6 12. Kf2 ({Lieber} 12. Rc1 $11) 12... Nge7 (12... f6 $15 13. exf6 Nxf6) 13. h4 {h5 ist eine echte Drohung.} h5 14. Nce2 Nf5 ({Besser ist} 14... f6 $15 15. exf6 gxf6) 15. Nxf5 $11 Bxf5 16. Nf4 Rc8 17. Bd3 Bxd3 18. Qxd3 Bb6 19. Rh3 Ne7 20. g4 hxg4 21. fxg4 Qd7 22. h5 {[%cal Bh4h5,Bh5h6,Bh6h7][%mdl 32]} Rc6 23. h6 g6 (23... gxh6 $14 24. Rah1 Qc7) 24. Ne2 $36 {[%mdl 2048] Weiss bestimmt, wo es lang geht.} Qc8 $2 {[%mdl 8192]} (24... Rh7 $16 {war einen Versuch wert.} 25. Kg2 Qc7) 25. h7 $1 $18 g5 26. Bxg5 Ng6 {Falls Schwarz jetzt zu ...Sxe5 käme, bestünde noch etwas Hoffnung.} 27. Be3 (27. Bf6 $142 Rc2 28. Bxh8 Nxh8 29. b3) 27... Rc2 28. Rh6 (28. b3 $1 $18 {ist viel giftiger.}) 28... Qc4 $16 29. Qxc4 dxc4 {[#]} (29... Rxc4 $142 30. Kf3 Rc2) 30. Rc1 (30. Rb1 $1 $16) 30... Rxb2 (30... Rxc1 $1 $14 31. Nxc1 (31. Bxc1 Nxe5 32. Kg3 Ng6 $11) 31... Nf8) 31. Rxc4 {Droht Tc8+ und aus.} Kd7 32. Kf3 (32. Rh5 $16) 32... Nf8 $1 $14 33. Rc1 (33. d5 {with more complications.} Rxh7 34. Rxh7 Nxh7 35. Bxb6 Rxb6 36. d6) 33... Rxh7 34. Rxh7 (34. g5 {feels hotter.} Rg7 35. Ng3 Rb3 36. Ke2 Bd8 37. Ne4) 34... Nxh7 35. Rh1 Nf8 36. Nf4 Rb3 {Und weiter mit ...Lxd4 wäre nett.} 37. Ke4 Bd8 38. Rh8 Be7 $1 39. d5 exd5+ 40. Nxd5 Bxa3 41. Bxa7 Rb1 42. Be3 Rf1 43. Rh3 Ne6 44. Nf6+ Kc6 45. Rh7 Nd8 46. Rh8 Ne6 47. Rc8+ Kb5 48. Rb8 Kc6 49. Rc8+ Kb5 50. Kd3 Rf3 51. Nd5 (51. Ke2 $5 {[%cal Re2f3]} Rg3 52. Kf2 $16) 51... Bc5 52. Ke2 Rg3 53. Nc3+ Kb4 54. Bxc5+ Nxc5 {[#]} 55. Rxc5 $1 {[%mdl 512]} Rxg4 $2 $11 {[%mdl 12288] Endspiel KTS-KT} ({Aber nicht} 55... Rxc3 $2 56. Rxc3 Kxc3 57. g5 $18) (55... Kxc5 $11 56. Ne4+ Kd5 57. Nxg3 Kxe5) (55... Kxc5 56. Ne4+) 56. Rc7 $18 Rg5 57. Nd5+ Kb5 {[#]} 58. Re7 $1 Kc4 59. Nf4 Kd4 60. Nd3 Rg3 61. Rxf7 (61. Rd7+ Ke4 $16) 61... Re3+ 62. Kf2 Kxd3 63. Rf3 {Weiß setzt Matt.} Rxf3+ 64. Kxf3 b5 65. e6 {[%cal Be5e6,Be6e7][%mdl 32]} b4 66. e7 b3 {Precision: Weiß = 42%, Schwarz = 30%.} 1-0

[Event "27th CRO-chT 1B-Men 2018"]
[Site "Biograd"]
[Date "2018.09.17"]
[Round "1"]
[White "Biliskov, Vjekoslav"]
[Black "Plenca, Julijan"]
[Result "1-0"]
[WhiteElo "2292"]
[BlackElo "2417"]
[Annotator "TA"]
[PlyCount "34"]
[EventDate "2018.09.15"]
[EventType "team-tourn"]
[EventCountry "CRO"]
[SourceTitle "playchess.com"]
[Source "ChessBase"]
[SourceQuality "1"]

{[%evp 14,34,46,31,44,42,70,58,79,60,147,82,95,79,256,248,254,2,2,13,0,-75,76]} 1. d4 Nf6 2. c4 g6 3. Nc3 d5 4. e3 Bg7 5. Qb3 dxc4 6. Bxc4 O-O 7. Nf3 Nc6 8. Be2 a5 {D95: Grünfeld: 4 Nf3 Bg7 5 e3 0-0 6 Qb3} (8... a6 9. O-O b5 10. Rd1 Bb7 11. d5 Na5 12. Qb4 c6 13. a4 Nxd5 14. Nxd5 cxd5 15. axb5 axb5 16. Qxb5 {0-1 (54) Ding,L (2530)-Nepomniachtchi,I (2632) Sochi 2009}) 9. O-O Be6 $146 ({Predecessor:} 9... Nb4 10. e4 c5 11. dxc5 Qc7 12. a3 Na6 13. Bxa6 Rxa6 14. Be3 Be6 15. Qc2 Ng4 16. Nd5 Nxe3 17. fxe3 {1-0 (52) Bercys,S (2418)-Calugar,A (2312) Dallas 2012}) 10. Qxb7 Nb4 $1 {White is slightly better.} 11. Qb5 Qd6 ({Black should play} 11... c5 $14) 12. Qa4 ({White should try} 12. e4 $1) 12... Bf5 $16 13. a3 Nc2 $2 (13... Nbd5 $16) 14. Ra2 $18 c5 {[#] intending ...cxd4.} 15. Bd1 $2 (15. d5 $1 $18 {[%mdl 512]}) 15... cxd4 $1 $11 16. exd4 Rfc8 $1 17. Bd2 {[#]} ({But not} 17. Bxc2 Bd7 $17) (17. Bg5 $11) 17... Ng4 $2 {Precision: White = 46%, Black = 43%.} (17... Ne4 $1 $17 {[%cal Re4d2] keeps the pressure on.} 18. Bxc2 Nxc3 19. bxc3 Bd7) 1-0

[Event "27th CRO-chT 1B-Men 2018"]
[Site "Biograd"]
[Date "2018.09.17"]
[Round "1"]
[White "Bobanac, Miro"]
[Black "Zelic, Mladen"]
[Result "1-0"]
[WhiteElo "2288"]
[BlackElo "2266"]
[Annotator "ChessBase"]
[PlyCount "41"]
[EventDate "2018.09.15"]
[EventType "team-tourn"]
[EventCountry "CRO"]
[SourceTitle "playchess.com"]
[Source "ChessBase"]
[SourceQuality "1"]
[TimeControl "40/5400+30:1800+30"]

1. Nf3 f5 2. d3 Nf6 3. e4 d6 4. Nc3 Nc6 5. Bg5 e5 6. d4 fxe4 7. dxe5 exf3 8. exf6 gxf6 9. Be3 Bf5 10. Qxf3 Qd7 11. Bb5 Bg7 12. Nd5 O-O {[%clk} 13. Bxc6 bxc6 {]%} 14. Qxf5 {]%} Qf7 {]%} 15. Nf4 {]%} Rfe8 {]%} 16. O-O {[%clk} Rab8 17. b3 {]]c} Rb5 {]]c} 18. Qd3 {]]} Rg5 {]]} 19. Rae1 {]]} Kh8 {]]} 20. Bd4 {]]} Rg8 {]]} 21. g3 {[%emt 1:17:30] [%clk:} 1-0